Bài giảng ngữ dụng học

में बचाया:
ग्रंथसूची विवरण
मुख्य लेखक: Bùi Lan Chi
स्वरूप: पुस्तक
भाषा:Undetermined
प्रकाशित: Cần Thơ Khoa Sư Phạm 2002
विषय:
टैग : टैग जोड़ें
कोई टैग नहीं, इस रिकॉर्ड को टैग करने वाले पहले व्यक्ति बनें!
Thư viện lưu trữ: Trung tâm Học liệu Trường Đại học Cần Thơ
LEADER 00477nam a2200169Ia 4500
001 CTU_51425
008 210402s9999 xx 000 0 und d
082 |a 401.4 
082 |b Ch300 
100 |a Bùi Lan Chi 
245 0 |a Bài giảng ngữ dụng học 
245 0 |c Bùi Lan Chi 
260 |a Cần Thơ 
260 |b Khoa Sư Phạm 
260 |c 2002 
650 |a pragmatics,semiotics,sociolinguistics 
980 |a Trung tâm Học liệu Trường Đại học Cần Thơ